Statistics for Count to 100! - No "2", "5", "6", "7" or "8"

Click here to take the quiz!

General Stats

  • This quiz has been taken 138 times
  • The average score is 20 of 25

Answer Stats

#% Correct
1
100%
3
100%
4
100%
13
97%
9
97%
10
96%
11
96%
14
95%
19
93%
31
86%
33
86%
30
85%
34
84%
39
83%
40
77%
41
77%
43
75%
44
75%
49
71%
90
63%
91
62%
93
61%
94
59%
99
55%
100
52%

Score Distribution

Percentile by Number Answered

Percent of People with Each Score

Your Score History

You have not taken this quiz